01167nam a22003257a 4500001001300000003000900013005001700022007000300039008003400042040005400076041001000130072002400140090002200164100001800186110006600204245011100270260003400381300001100415500006900426650001100495650001700506650002800523650002800551650002100579650002300600909003600623942000700659999001700666952015800683BR2012002344BR-BrBNA20230928103937.0ta230509b bl.||||| |||| 00| 0 por d aBR-BrBNAbporcBiblioteca Nacional de Agricultura a(Por) aF08; F60; P33b2120  2120 BR20120023441 aSerafim, M.E.1 aUniversidade Federal de Lavras, MG (Brasil)0Tese (Doutorado)1 aSistema conservacionista e de manejo intensivo na melhoria de atributos do solo para a cultura do cafeeiro3 aLavras, MG (Brasil): c2011.  a119 p. aSummaries (Eng, Por); Several bibliography; 12 tables; 10 illus. aCAFÉ aUSO DA TERRA aCONSERVAÇÃO DO SOLO aDEFICIÊNCIA HÍDRICA aFÍSICA DO SOLO aSISTEMA DE CULTIVO a202309bLuciac55dLucia Elande cBK c77355d77355 002AGRIS40708AGROBASEa41918b41918l0o 2120 BR2012002344p2120 BR2012002344r2023-09-25t01yBK10d2023-09-25ePortaria Interministerial nº 164/94